| 000 | 02397nam a2200289 i 4500 | ||
|---|---|---|---|
| 005 | 20250924112320.0 | ||
| 008 | 240425s2023 ph a m 000 0deng | ||
| 040 |
_aCSPC _beng _cCSPC _erda |
||
| 090 | _aUTH BSOA N236r 2023 | ||
| 100 | 1 |
_aNazarrea, Emy Joy Y. _dauthor. |
|
| 245 | 1 | 4 |
_aThe records management practices in Camarines Sur Polytechnic Colleges Buhi Campus / _cEmy Joy Y. Nazarrea, Kristia Mae R. Olayon, and Maria Christina V. Paco. |
| 260 |
_aBuhi, Camariones Sur : _bCamarines Sur Polytechnic Colleges, _c2023. |
||
| 300 | _a88 leaves : | ||
| 336 |
_2rdacontent _atext |
||
| 337 |
_2rdamedia _aunmediated |
||
| 338 |
_2rdacarrier _avolume |
||
| 502 |
_aUndergraduate Thesis (BSOA)- Office Administration _cCamarines Sur Polytechnic Colleges, 2023. |
||
| 520 | 3 | _aThe Records Management Practices is a vital role of employees that leads them to have proper handling of records in an organization or institution. This paper tries to assess the records management practices by the employees in Camarines Sur Polytechnic Colleges Buhi Campus in terms of records creation, records maintenance, records retrieval and records disposition in an institution. Thirteen of employees include the admin staff and librarian, who were systematically chosen, served as the respondents. The descriptive method was used to attain the objectives. The instruments used in this study was a research made survey questionnaire for data collection and was interpreted using weighted mean. The result showed that the employees have effective records management practices in terms of records creation, records maintenance, records retrieval, and records disposition. Furthermore, they are handling records properly in the institution extremely effective. However, the employees were lacking records supervisor and have improper indexes on keeping a record and was rated as seldom encountered. Moreover, the capacity to respond to the problems encountered by employees was seldom encountered. | |
| 700 | 1 |
_aOlayon, Kristia Mae R., _eauthor. |
|
| 700 | 1 |
_aPaco, Maria Cristina V., _eauthor. |
|
| 720 | 1 |
_aMarpuri, Jessica C., _eadviser. |
|
| 720 | 1 |
_aSagala, Marimin N., _epanelist, chair. |
|
| 720 | 1 |
_aLuzon, April Z., _epanelist. |
|
| 720 | 1 |
_aOliveros, Josefin N., _epanelist. |
|
| 942 |
_2ddc _n0 _cUM _hN236r _iBSOA _kUTH _m2023 |
||
| 999 |
_c27516 _d27516 |
||